00700nam a2200265Ia 4500001000700000003000500007008004100012010001100053020001800064040000900082082001400091100002500105245005800130250001100188260003400199300002100233650002100254901001400275902000600289910000900295942000600304942000700310999001900317952009800336Z_2540CHAP220113s1974 xx 000 0 und d a165599 a0-697-04665-6 cCHAP a574.5 C69 aCox, George W928742 aLaboratory manual of general ecology /cGeorge W Cox a2a ed. aDubuque, Iowa :bBrow,c1974 a195 p. : bilus. aEcología I. t. a574.5 C69 aM a1974 c1 cc1 c165599d165599 00102ddc40708GRALaZbZc1d2005-11-09pz_2398r2022-01-18 00:00:00t1w2022-01-18yLIBRO